000 002580000a22000970004500
100 1 _aSnyder, Howard A.
245 1 0 _aTen major trends facing the world church
300 _aVol. 15, Núm 52 (1988), Páginas 5-11
773 0 _tWorld Evangelization
942 _cANA
999 _c58082
_d58082